المنتخب : (Record no. 13911)
[ view plain ]
| 000 -LEADER | |
|---|---|
| fixed length control field | 00624nam a22001337a 4500 |
| 008 - FIXED-LENGTH DATA ELEMENTS--GENERAL INFORMATION | |
| fixed length control field | 100419t1995 xxu||||| |||| 00| 0 eng d |
| 082 ## - DEWEY DECIMAL CLASSIFICATION NUMBER | |
| Edition number | 22 |
| Classification number | 297.1226 |
| Item number | م ن ت |
| 110 ## - MAIN ENTRY--CORPORATE NAME | |
| 9 (RLIN) | 13611 |
| Corporate name or jurisdiction name as entry element | المجلس الأعلي للشئون الإسلامية |
| Subordinate unit | لجنة القرآن والسنة |
| Location of meeting | جمهورية مصر العربية |
| 245 ## - TITLE STATEMENT | |
| Title | المنتخب : |
| Remainder of title | في تفسير القرآن الكريم / |
| Statement of responsibility, etc | المجلس الأعلي للشئون الإسلامية. |
| 250 ## - EDITION STATEMENT | |
| Edition statement | ط 18 |
| 260 ## - PUBLICATION, DISTRIBUTION, ETC. (IMPRINT) | |
| Place of publication, distribution, etc | القاهرة : |
| Name of publisher, distributor, etc | المجلس الأعلي للشئون الإسلامية ، |
| Date of publication, distribution, etc | 1995. |
| 300 ## - PHYSICAL DESCRIPTION | |
| Extent | 937 ص : |
| Dimensions | 32 سم. |
| 942 ## - ADDED ENTRY ELEMENTS (KOHA) | |
| Source of classification or shelving scheme | Dewey Decimal Classification |
| Item type | Book - Borrowing |
| Withdrawn status | Item status | Source of classification or shelving scheme | Damaged status | Not for loan | Vendor | Home library | Current library | Shelving location | Date acquired | Source of acquisition | Full call number | Barcode | Date last seen | Koha item type | Public note |
|---|---|---|---|---|---|---|---|---|---|---|---|---|---|---|---|
| Dewey Decimal Classification | Donation-Gift | Central Library | Central Library | Lower Floor | 19/04/2010 | Donation | 297.1226 الم | 000020656 | 15/07/2025 | Book - Borrowing | Donated by: Alaa Abd El- Ghaney |